Dictionary of hydraulic machinery in english, german, spanish, french, italian a nd ussian incliding an index in polish /
Gespeichert in:
| 1. Verfasser: | |
|---|---|
| Format: | Buch |
| Sprache: | Englisch |
| Veröffentlicht: |
Warszawa :
Państwowe Wydawnictwo Naukowe,
1985
|
| Ausgabe: | 1.vyd. |
| Tags: |
Keine Tags, Fügen Sie das erste Tag hinzu!
|
MARC
| LEADER | 00000nam a22000003a 4500 | ||
|---|---|---|---|
| 001 | stu8528 | ||
| 005 | 20150617225807.6 | ||
| 008 | 960126s1985----pl------------------eng-d | ||
| 040 | |a STU |b slo | ||
| 041 | 0 | |a eng | |
| 044 | |a pl | ||
| 080 | |a 621.22(038)=20=30=60=40=50=82 | ||
| 100 | 1 | |a Troskolaňski, A.T |4 aut | |
| 245 | 1 | |a Dictionary of hydraulic machinery in english, german, spanish, french, italian a nd ussian incliding an index in polish / |c [aut.] Troskolaňski,A.T | |
| 250 | |a 1.vyd. | ||
| 260 | |a Warszawa : |b Państwowe Wydawnictwo Naukowe, |c 1985 | ||
| 300 | |a 789 s | ||
| 996 | |b E62527 |c E*62527 |l EE15 |s P |a 0 |w stu8528_0001 | ||